Urban Agglomeration - Letter G - Statistics

General Stats
  • This quiz has been taken 21 times
  • The average score is 4 of 8
Answer Stats
Second Letter Answer % Correct
L Glasgow
79%
U Guadalajara | Gujranwala | Guatemala City | Guayaquil
68%
R Greensboro | Greenville
53%
E George Town
47%
A Gaza | Gaziantep
42%
O Goiânia | Goma
42%
Q Gqeberha
26%
W Gwangju
21%
No matching quizzes found
Score Distribution
Percent of People with Each Score
Percentile by Number Answered
Your Score History
You have not taken this quiz